Años de las Cruzadas en Tierra Santa - Estadísticas

Estadísticas generales
  • Esta prueba ha sido intentada 10 veces
  • La puntuación promedio es 5 de 9
Estadísticas de respuestas
Hint Respuesta % Correcto
Primera Cruzada 1095
86%
Segunda Cruzada 1144
71%
Sexta Cruzada 1228
71%
Séptima Cruzada 1248
71%
Cuarta Cruzada 1198
57%
Quinta Cruzada 1217
57%
Octava Cruzada 1270
57%
Tercera Cruzada 1187
43%
Novena Cruzada 1271
29%
No se encontraron pruebas coincidentes
Distribución de puntuación
Porcentaje de gente con cada puntuación
Porcentaje por número respondido
Historial de tus puntuaciones
No has intentado esta prueba.